El derecho procesal del ius commune en España

Saved in:
Bibliografiske detaljer
Hovedforfatter: Pérez Martín, Antonio (Author)
Format: Bog
Sprog:spansk
latin
Udgivet: Murcia Universidad de Murcia 1999
Fag:
Tags: Tilføj Tag
Ingen Tags, Vær først til at tagge denne postø!

MARC

LEADER 00000nam a2200000 a 4500
001 UCN3049
003 CL-VaPUC
008 010615e19990000SP |||||||||||||||||spa|d
041 0 7 |a spa  |2 CL-VaPUC 
041 0 7 |a lat  |2 CL-VaPUC 
082 0 4 |a 340.09  |b PER  |2 21 
100 0 |a Pérez Martín, Antonio  |e author  |9 459464 
245 1 3 |a El derecho procesal del ius commune en España 
300 |a 288 p 
942 |c BK 
945 |d 20010615 00:00:00  |a vberengu 
260 |a Murcia  |b Universidad de Murcia  |c 1999 
650 0 |a Derecho común  |9 376758 
650 7 |a DERECHO PROCESAL HISTORIA  |2 CL-VaPUC  |9 459465 
583 |a last modification  |c 20010615 00:00:00  |k Rodrigo Vera 
999 |c 296060  |d 296058 
952 |0 0  |1 0  |4 0  |6 340_090000000000000_PER_1999  |7 0  |8 DER_HIS  |9 349554  |a BIBDER  |b BIBDER  |d 2019-11-20  |i 3723046  |o 340.09 PER 1999  |p 3723046  |r 2023-01-25  |w 2019-11-20  |x Ubicación 4to Piso  |y BK  |z Estos recursos deben solicitarse con anticipación  |k DER